000 00478nam a22001457a 4500
082 _aP-229
100 _aMuhammad Adeel Khan.
_947954
245 _aComparison of soil permeability before and after installation of subsurface drainage sysem.
_cBilal Shah, Zeeshan, Amjad Shinwari, Yasir Saleem Alvi.
260 _aRisalpur:
_bMCE.
_c13-05-2002
526 _a0
_b0
_c0
_dP_229
526 _a0
_b0
_c0
_dP_229
650 _aProject.
700 _aDr. Farhat.
_948014
942 _2ddc
_cBK
999 _c551067
_d551067